Statistics for Formula 1 Team Quiz - Haas

Click here to take the quiz!

General Stats

  • This quiz has been taken 49 times
  • The average score is 7 of 7

Answer Stats

HintAnswer% Correct
Number of CWC0
100%
First Year Raced2016
98%
FounderGene Haas
98%
First Grand PrixAustralia
96%
Nation FoundedUnited States
96%
Best Result4th
91%
Best Grid Position4th
91%

Score Distribution

Percentile by Number Answered

Percent of People with Each Score

Your Score History

You have not taken this quiz